German Empire Quiz - Statistics

General Stats
  • This quiz has been taken 88 times
  • The average score is 7 of 10
Answer Stats
Question Answer % Correct
Which Country unified around the same time as the German Empire? Italy
97%
Which war caused the Unification of Germany? Franco-Prussian war
93%
Who was the first chancellor of the German Empire Otto Von Bismarck
93%
The last Kaiser of Germany Wilhelm II
90%
When did the German Empire form? January 18, 1871
86%
Where did the Kaiser live after the collapse of The German Empire? Netherlands
86%
Which Royal Family was the Kaiser not related to? Bonaparte
52%
Who were the founding member of Centeral alliance? Germany, Austria-Hungary, Italy
52%
What was the dreikaiserbund alliance? German, Austria, Russia
48%
What State was the German Empire successor of? German Confederation
34%
No matching quizzes found
Score Distribution
Percent of People with Each Score
Percentile by Number Answered
Your Score History
You have not taken this quiz